Rosa Luxemburg on Literature and Art/ (Record no. 208385)

MARC details
000 -LEADER
fixed length control field 00535 a2200181 4500
005 - DATE AND TIME OF LATEST TRANSACTION
control field 20250110161037.0
010 ## - LCCN (DPL NO)
LC control number ENG-143329
020 ## - INTERNATIONAL STANDARD BOOK NUMBER
Terms of availability 150.00
International Standard Book Number 9788190596237
035 ## - SYSTEM CONTROL NUMBER
System control number EN-126861
037 ## - SOURCE OF ACQUISITION
Source of stock number/acquisition DBAD
082 14 - DEWEY DECIMAL CLASSIFICATION NUMBER
Classification number 921
100 1# - MAIN ENTRY--PERSONAL NAME
Personal name Ray, Nirmal
245 1# - TITLE STATEMENT
Title Rosa Luxemburg on Literature and Art/
Statement of responsibility, etc by Nirmal Ray
260 ## - PUBLICATION, DISTRIBUTION, ETC. (IMPRINT)
Place of publication, distribution, etc Kolkata
Name of publisher, distributor, etc Kalpana Sen
Date of publication, distribution, etc 2010
270 ## - ADDRESS
Address P 494 A,. Keyatala Road,
City Kolkata
State or province Kolkata
Postal code 700029
Telephone number 24652507
300 ## - PHYSICAL DESCRIPTION
Extent 160p.
Dimensions 22 cm(pb)
942 ## - ADDED ENTRY ELEMENTS (KOHA)
Institution code [OBSOLETE] dpl
Item type English Books
Source of classification or shelving scheme Dewey Decimal Classification
Classification part 921
Call number suffix RAY
Holdings
Withdrawn status Lost status Not for loan Collection code Home library Current library Date acquired Source of acquisition Cost, normal purchase price Full call number Barcode Copy number Cost, replacement price Koha item type
      Non-fiction Kadipur Kadipur 10/01/2025 Delivery of Books Act Division 150.00 921 RAY EN-126861 1 150.00 English Books

© Delhi Public Library
Hit Counter
free hit counter